header

The Great War on the small screen (Record no. 191592)

MARC details
000 -LEADER
fixed length control field 01606nam a2200385 a 4500
082 04 - DEWEY DECIMAL CLASSIFICATION NUMBER
Classification number 791.456580941
100 1# - MAIN ENTRY--AUTHOR NAME
Personal name Hanna, Emma.
245 14 - TITLE STATEMENT
Title The Great War on the small screen
260 ## - PUBLICATION, DISTRIBUTION, ETC. (IMPRINT)
Place of publication Edinburgh :
Name of publisher Edinburgh University Press,
Year of publication c2009.
300 ## - PHYSICAL DESCRIPTION
Number of Pages viii, 190 p. :
Other physical details ill.
650 #0 - SUBJECT ADDED ENTRY--TOPICAL TERM
Topical Term World War, 1914-1918
Topical Term Historical television programs
Topical Term Documentary television programs
Topical Term World War, 1914-1918
Topical Term World War, 1914-1918
856 40 - ELECTRONIC LOCATION AND ACCESS
Uniform Resource Identifier http://site.ebrary.com/lib/rucke/Doc?id=10391791

No items available.

© 2026 Rongo University
Contact us: librarian | system librarian | Rongo university